01229cpcaa2200277 a 4500001001300000003000400013005001700017008004100034010001700075040002400092072001200116100004100128245004700169300002300216506002200239520025600261533013000517545001500647546003600662580006000698600002400758610002500782610007500807650004900882656002000931mm 82059683 DLC20260227111716.0820209|||||||||||| a rus  amm 82059683  aDLCcDLCedacsdDLC 7aW2lcmd1 aVinokouroff, Michael Z.,d1894-1983.10aMichael Z. Vinokouroff papers,f1851-1930. a1fmicrofilm reel.0 aOpen to research.8 aA bound file relating to the career of the Reverend George Vinokouroff in Sitka, Alaska, (1851-1863), and selections (1927-1930) from a bound volume relating to the acquisition of the Alaskan Russian Orthodox Church records by the Library of Congress. aMicrofilm produced from originals in private hands.bWashington, D.C. :cLibrary of Congress Photoduplication Service,d1981.0 aClergyman. aCollection material in Russian. aCollection related to the Library of Congress Archives.10aVinokourov, George.20aLibrary of Congress.20aRussian Orthodox Greek Catholic Church of America.bDiocese of Alaska. 0aChurch records and registerszAlaskazSitka. 7aClergy.2itoamc